| 000 | 01020cab a2200349 4500 | ||
|---|---|---|---|
| 001 | WB3046-29 | ||
| 008 | 090401t1994 xxu||||| |||| 00| 0 eng d | ||
| 035 | _a(Sirsi) u23532 | ||
| 041 | _aeng | ||
| 245 | _aMurphy`s law - the loopholes? | ||
| 260 | _c1994 | ||
| 350 | _a0 | ||
| 490 |
_aEstates Gazette Case Summaries _v(448) 3 December 1994, 124(2) |
||
| 520 | _aSummarises recent case law on negligence claims against defective buildings. | ||
| 650 | _aANNS AND OTHERS V MERTON LBC | ||
| 650 | _aBUILDERS | ||
| 650 | _aBUILDING DEFECTS | ||
| 650 | _aCOMPLEX STRUCTURES | ||
| 650 | _aD&F ESTATES LTD V CHURCH COMMISSIONERS | ||
| 650 | _aDAMAGES | ||
| 650 | _aDEFECTIVE PREMISES ACT 1972 | ||
| 650 | _aECONOMIC LOSS | ||
| 650 | _aJACOBS V MORTON & PARTNERS | ||
| 650 | _aMORSE V BARRATT (LEEDS) LTD | ||
| 650 | _aMURPHY V BRENTWOOD DC | ||
| 650 | _aNEGLIGENCE | ||
| 650 | _aOWNERS | ||
| 650 | _aSUBSEQUENT OWNERS | ||
| 690 | _aPROFESSIONAL PRACTICE | ||
| 942 | _n0 | ||
| 948 | _c04/03/1997 | ||
| 999 |
_c15728 _d15728 |
||